000 00774cam a2200205 4500
001 WB3538-21
008 000000n1999 000 0 eng u
035 _a(Sirsi) u102827
245 _aTwo new National Parks.
260 _c1999
490 _aDaily Telegraph
_v30 September 1999, 7(1)
520 _aGovernment has announced plans to create two new national parks in the New Forest and the South Downs. Whilst organisations such as the Council for the Protection of Rural England welcomed the move, the Country Landowners Association claimed that the designation will increase bureaucracy.
650 _aNATIONAL PARKS
650 _aNEW FOREST
650 _aSOUTH DOWNS
650 _aEnvironment
_96238
650 _aCONSERVATION
690 _aLAND
942 _n0
999 _c61800
_d61800